000 00742nam a2200229 a 4500
999 _c10624
_d10624
001 10624
003 BD-JhCC
005 20180730093614.0
008 180730s2017 bg |||| |||| 000 0 ben d
020 _a9848260889
035 _a(BD-JhCC)10624
040 _aBD-JhCC
_dBD-JhCC
041 _aben
082 _a891.4409
_bDAT 2017
100 _aদত্ত, মাইকেল মধুসূধন
245 _aমেঘনাদবধ কাব্য /
_cমাইকেল মধুসূধন দত্ত
260 _aঢাকা :
_bদি স্কাই পাবলিশার্স,
_c২০১৭
300 _a২০২ পৃ. :
_c২২ সে.মি.
650 _aBengali Epic
942 _2ddc
_cBK